000
00350nam a22001577a 4500
005
20160629140443.0
008
160629b xxu||||| |||| 00| 0 eng d
020
_a
81-8131-098-5
041
_a
eng
082
_b
10845
245
_a
Ready Reference Encyclopedia
260
_b
Impulse
300
_a
276
650
_a
Encyclopedia
_9
1750
942
_c
BK
999
_c
4706
_d
4704